[Event "DEM U10w 2018"]
[Site "Willingen GER"]
[Date "2018.05.26"]
[Round "11"]
[White "Loos, Violeta"]
[Black "Hoffmann, Sophia"]
[Result "1-0"]
[Termination "normal"]
[Board "9"]
[WhiteElo "1023"]
[BlackElo "1072"]
[WhiteClock "00:32:32"]
[BlackClock "01:02:02"]
[PlyCount "137"]
[WhiteFideId "34605290"]
[BlackFideId "16259130"]
[EventCountry "GER"]
[EventRounds "11"]
[EventType "swiss"]
[EventDate "2018.05.19"]

1. e4 {[%clk 1:15:57]} 1... e5 {[%clk 1:15:50]} 2. Nf3 {[%clk 1:16:23]} 2...
Nc6 {[%clk 1:16:13]} 3. Bc4 {[%clk 1:16:35]} 3... Bc5 {[%clk 1:16:36]} 4. Nc3 {
[%clk 1:16:50]} 4... Nf6 {[%clk 1:16:56]} 5. O-O {[%clk 1:17:13]} 5... d6 {
[%clk 1:17:16]} 6. h3 {[%clk 1:17:37]} 6... O-O {[%clk 1:17:36]} 7. d3 { [%clk
1:17:58]} 7... h6 {[%clk 1:18:00]} 8. Be3 {[%clk 1:18:16]} 8... Bb6 { [%clk
1:18:22]} 9. Re1 {[%clk 1:17:42]} 9... Be6 {[%clk 1:18:44]} 10. b3 { [%clk
1:15:05]} 10... Nh7 {[%clk 1:18:39]} 11. Na4 {[%clk 1:13:02]} 11... Qf6 { [%clk
1:18:35]} 12. Bxe6 {[%clk 1:11:42]} 12... fxe6 {[%clk 1:18:49]} 13. Nxb6 {[%clk
1:11:44]} 13... axb6 {[%clk 1:19:10]} 14. Nh2 {[%clk 1:08:15]} 14... Qh4 {[%clk
1:18:16]} 15. Qg4 {[%clk 1:04:47]} 15... Qxg4 {[%clk 1:16:34]} 16. Nxg4 {[%clk
1:04:12]} 16... Nb4 {[%clk 1:16:41]} 17. Re2 {[%clk 1:01:42]} 17... Nxa2 {[%clk
1:16:37]} 18. Bd2 {[%clk 0:57:00]} 18... c5 {[%clk 1:15:38]} 19. c3 { [%clk
0:53:32]} 19... b5 {[%clk 1:15:00]} 20. Be1 {[%clk 0:53:24]} 20... Nxc3 { [%clk
1:13:30]} 21. Bxc3 {[%clk 0:53:42]} 21... Rae8 {[%clk 1:12:56]} 22. b4 { [%clk
0:51:53]} 22... c4 {[%clk 1:11:34]} 23. dxc4 {[%clk 0:48:33]} 23... bxc4 {[%clk
1:11:55]} 24. Ra7 {[%clk 0:48:14]} 24... Rb8 {[%clk 1:11:34]} 25. Rc2 { [%clk
0:46:19]} 25... Ng5 {[%clk 1:11:12]} 26. f3 {[%clk 0:45:25]} 26... Rf7 { [%clk
1:07:45]} 27. Bb2 {[%clk 0:44:21]} 27... b5 {[%clk 1:07:43]} 28. Rxf7 { [%clk
0:44:35]} 28... Nxf7 {[%clk 1:08:02]} 29. Rd2 {[%clk 0:43:42]} 29... h5 { [%clk
1:07:38]} 30. Nf2 {[%clk 0:42:01]} 30... Rc8 {[%clk 1:07:31]} 31. Rc2 { [%clk
0:41:23]} 31... Nh6 {[%clk 1:06:11]} 32. Nd3 {[%clk 0:39:55]} 32... g5 { [%clk
1:05:54]} 33. g4 {[%clk 0:38:04]} 33... hxg4 {[%clk 1:03:44]} 34. hxg4 { [%clk
0:38:19]} 34... Kh7 {[%clk 1:04:01]} 35. Nc1 {[%clk 0:37:01]} 35... Ra8 { [%clk
1:01:53]} 36. Bc3 {[%clk 0:35:59]} 36... Ra4 {[%clk 1:01:34]} 37. Na2 { [%clk
0:35:08]} 37... Nf7 {[%clk 0:58:51]} 38. Bd2 {[%clk 0:34:44]} 38... d5 { [%clk
0:58:37]} 39. exd5 {[%clk 0:34:57]} 39... exd5 {[%clk 0:58:56]} 40. Rb2 { [%clk
0:33:35]} 40... d4 {[%clk 0:58:42]} 41. Kf2 {[%clk 0:30:20]} 41... c3 { [%clk
0:59:00]} 42. Bxc3 {[%clk 0:30:30]} 42... dxc3 {[%clk 0:59:24]} 43. Nxc3 {[%clk
0:30:55]} 43... Ra8 {[%clk 0:58:54]} 44. Nxb5 {[%clk 0:31:12]} 44... Rb8 {[%clk
0:59:10]} 45. Nc3 {[%clk 0:31:24]} 45... Nd6 {[%clk 0:59:24]} 46. b5 { [%clk
0:31:18]} 46... Nc4 {[%clk 0:59:34]} 47. Rb4 {[%clk 0:30:38]} 47... Nd6 { [%clk
0:59:14]} 48. b6 {[%clk 0:30:03]} 48... Nc8 {[%clk 0:59:04]} 49. Na4 { [%clk
0:29:46]} 49... Kg7 {[%clk 0:59:10]} 50. b7 {[%clk 0:29:54]} 50... Na7 { [%clk
0:59:12]} 51. Nc5 {[%clk 0:29:41]} 51... Kf7 {[%clk 0:59:28]} 52. Ra4 { [%clk
0:29:50]} 52... Nb5 {[%clk 0:59:18]} 53. Ra8 {[%clk 0:30:04]} 53... Rxa8 {[%clk
0:58:51]} 54. bxa8=Q 54... Nd6 {[%clk 0:58:59]} 55. Qa2+ {[%clk 0:30:19] }
55... Ke7 {[%clk 0:59:20]} 56. Qe6+ {[%clk 0:30:42]} 56... Kf8 { [%clk
0:59:29]} 57. Qxd6+ {[%clk 0:30:52]} 57... Kf7 {[%clk 0:59:23]} 58. Qe6+ {[%clk
0:30:44]} 58... Kg7 {[%clk 0:59:45]} 59. Qxe5+ {[%clk 0:30:34]} 59... Kf7
{[%clk 0:59:55]} 60. Qxg5 {[%clk 0:30:31]} 60... Kf8 {[%clk 1:00:06]} 61. Qd5
{[%clk 0:30:02]} 61... Ke7 {[%clk 1:00:20]} 62. Qc6 {[%clk 0:30:22]} 62... Kf7
{[%clk 1:00:33]} 63. Ke3 {[%clk 0:30:44]} 63... Ke7 {[%clk 1:00:44]} 64. Kf4
{[%clk 0:31:04]} 64... Kf7 {[%clk 1:00:57]} 65. Ke5 {[%clk 0:31:19]} 65... Ke7
{[%clk 1:01:18]} 66. Qc7+ {[%clk 0:31:42]} 66... Kf8 {[%clk 1:01:37]} 67. Ke6
{[%clk 0:32:07]} 67... Kg8 {[%clk 1:01:54]} 68. Kf6 {[%clk 0:32:32]} 68... Kh8
{[%clk 1:02:02]} 69. Qg7# 1-0

[Event "DEM U10w 2018"]
[Site "Willingen GER"]
[Date "2018.05.26"]
[Round "11"]
[White "Wilmink, Anna"]
[Black "Khanbekyan, Nare"]
[Result "1-0"]
[Termination "normal"]
[Board "10"]
[WhiteElo "1137"]
[BlackElo "1123"]
[PlyCount "75"]
[WhiteFideId "16273680"]
[BlackFideId "16270916"]
[EventCountry "GER"]
[EventRounds "11"]
[EventType "swiss"]
[EventDate "2018.05.19"]

1. e4 c5 2. Nf3 Nc6 3. d4 cxd4 4. Nxd4 g6 5. Nc3 Bg7 6. Be3 Nf6 7. Bc4 O-O 8.
h3 d6 9. Bb3 Bd7 10. O-O Rc8 11. f4 Nxd4 12. Bxd4 e5 13. fxe5 dxe5 14. Bxe5 Re8
15. Qd4 Bf8 16. Bxf6 Bc5 17. Qxc5 Rxc5 18. Bxd8 Rxd8 19. Rxf7 Kh8 20. Rd1 Rc7
21. e5 Re8 22. Rdxd7 Rxd7 23. Rxd7 Rxe5 24. Kh2 b5 25. Nd5 Rf5 26. Nc7 Rf8 27.
Nxb5 a6 28. Nc7 a5 29. c4 Rc8 30. c5 Rb8 31. Ne6 Rc8 32. c6 Re8 33. c7 Rg8 34.
Nd8 Rf8 35. c8=Q a4 36. Nf7+ Kg8 37. Nh6+ Kh8 38. Qxf8# 1-0

[Event "DEM U10w 2018"]
[Site "Willingen GER"]
[Date "2018.05.26"]
[Round "11"]
[White "Trunz, Tamila"]
[Black "Mirnaya, Veronika"]
[Result "1-0"]
[Termination "normal"]
[Board "11"]
[WhiteElo "1046"]
[BlackElo "1036"]
[PlyCount "123"]
[WhiteFideId "16267885"]
[BlackFideId "16277406"]
[EventCountry "GER"]
[EventRounds "11"]
[EventType "swiss"]
[EventDate "2018.05.19"]

1. e4 e5 2. Nf3 Nc6 3. Bc4 Nf6 4. d3 h6 5. Nc3 Bc5 6. O-O d6 7. h3 Be6 8. Bxe6
fxe6 9. Nh4 g5 10. Nf3 Qd7 11. Na4 Bb6 12. Nxb6 axb6 13. c3 O-O-O 14. b4 Rdg8
15. a4 g4 16. hxg4 Nxg4 17. a5 bxa5 18. bxa5 Qg7 19. Nh4 Qf6 20. g3 Ne3 21.
Bxe3 Qxh4 22. Qb3 Rg6 23. Qxe6+ Rxe6 24. gxh4 Rg8+ 25. Kh1 Rg4 26. Kh2 Rxh4+
27. Kg3 Rh5 28. Kg4 Rh2 29. d4 exd4 30. Bf4 Rxe4 31. Kf5 Rxf4+ 32. Kxf4 dxc3
33. Kg3 Rh5 34. a6 bxa6 35. Rxa6 Rc5 36. Rc1 d5 37. Ra3 d4 38. Kg2 Kd7 39. Rh1
c2 40. Rc1 Nb4 41. Kf1 d3 42. Ke1 h5 43. Kd2 h4 44. Ra4 Rb5 45. Rh1 Na6 46.
Rxa6 Rb1 47. Rc1 h3 48. Rh6 c5 49. Rxh3 c4 50. Rhh1 Rb4 51. Kc3 Ra4 52. f4 Ke6
53. Ra1 Rxa1 54. Rxa1 Kf5 55. Kd2 Kxf4 56. Ra4 Kf3 57. Rxc4 Kf2 58. Kxd3 Kf3
59. Rxc2 Kf4 60. Re2 Kf5 61. Kd4 Kf6 62. Kd5 1-0

[Event "DEM U10w 2018"]
[Site "Willingen GER"]
[Date "2018.05.26"]
[Round "11"]
[White "Petrosyan, Ani"]
[Black "Schupfer, Victoria"]
[Result "1-0"]
[Termination "normal"]
[Board "12"]
[WhiteElo "1331"]
[BlackElo "958"]
[PlyCount "85"]
[WhiteFideId "16248015"]
[EventCountry "GER"]
[EventRounds "11"]
[EventType "swiss"]
[EventDate "2018.05.19"]

1. Nf3 e6 2. e3 d5 3. c4 Nf6 4. Nc3 c5 5. cxd5 exd5 6. d4 Nc6 7. Be2 a6 8. O-O
Bd6 9. dxc5 Bxc5 10. b3 O-O 11. Bb2 Re8 12. Rc1 Ba7 13. Na4 Qd6 14. Bd3 Bb8 15.
Bb1 Bg4 16. g3 Re6 17. Nb6 Nh5 18. Nxa8 d4 19. Bxd4 f5 20. Bc5 Qxd1 21. Rfxd1
Bxf3 22. Rd7 f4 23. Rxb7 Re5 24. Bd4 Rg5 25. Rb6 fxg3 26. hxg3 Nxg3 27. fxg3
Rxg3+ 28. Kf2 Rh3 29. Rg1 Nxd4 30. Rxb8+ Kf7 31. exd4 a5 32. Rg3 Rh1 33. Rxf3+
Ke6 34. Be4 Rh2+ 35. Ke3 Rxa2 36. d5+ Kd6 37. Kd4 Rb2 38. Rb6+ Kd7 39. Rf7+ Kc8
40. Rxg7 h5 41. Rf6 Rd2+ 42. Ke3 Kb8 43. Rf8# 1-0

[Event "DEM U10w 2018"]
[Site "Willingen GER"]
[Date "2018.05.26"]
[Round "11"]
[White "Heuberger, Sandra"]
[Black "Bone, Annalena"]
[Result "1-0"]
[Termination "normal"]
[Board "13"]
[WhiteElo "1132"]
[BlackElo "990"]
[PlyCount "133"]
[WhiteFideId "16232151"]
[BlackFideId "16284453"]
[EventCountry "GER"]
[EventRounds "11"]
[EventType "swiss"]
[EventDate "2018.05.19"]

1. e4 e5 2. Nf3 Nc6 3. Bb5 Bc5 4. O-O a6 5. Ba4 d6 6. c3 Bg4 7. h3 Bh5 8. d4
exd4 9. cxd4 Bb6 10. d5 Qd7 11. dxc6 bxc6 12. Nbd2 Ne7 13. Re1 O-O 14. Qc2 Rfe8
15. a3 Rab8 16. b4 Red8 17. Bb2 Bg6 18. Nd4 Qc8 19. Bxc6 d5 20. Rac1 dxe4 21.
N2b3 e3 22. Qe2 exf2+ 23. Qxf2 Nf5 24. Kh1 Rd6 25. Re8+ Qxe8 26. Bxe8 Rxe8 27.
Re1 Red8 28. Qf4 a5 29. bxa5 Ba7 30. Nxf5 Bxf5 31. Qxf5 c5 32. Nxc5 Bb8 33. Bc3
Rd1 34. Qf2 h6 35. Nb7 R8d7 36. Nc5 Rd8 37. Qe2 R1d5 38. Ne4 Be5 39. Bxe5 Rxe5
40. Nf6+ gxf6 41. Qg4+ Rg5 42. Qa4 Ra8 43. Re8+ Rxe8 44. Qxe8+ Kg7 45. a6 Ra5
46. Qc6 Rxa3 47. Qb7 f5 48. a7 Rxa7 49. Qxa7 f4 50. Qa1+ f6 51. Qa7+ Kg6 52. g4
f5 53. Qb6+ Kg5 54. Qc5 Kh4 55. Qf2+ Kg5 56. Kg2 fxg4 57. hxg4 Kxg4 58. Qd4 Kh5
59. Qxf4 Kg6 60. Kg3 Kg7 61. Qf5 Kh8 62. Qf6+ Kh7 63. Kh4 h5 64. Kxh5 Kg8 65.
Qe7 Kh8 66. Kg6 Kg8 67. Qg7# 1-0

[Event "DEM U10w 2018"]
[Site "Willingen GER"]
[Date "2018.05.26"]
[Round "11"]
[White "Bangiev, Katharina"]
[Black "Fischer, Juliane"]
[Result "1-0"]
[Termination "normal"]
[Board "14"]
[WhiteElo "1009"]
[BlackElo "929"]
[PlyCount "113"]
[WhiteFideId "16267230"]
[BlackFideId "16290135"]
[EventCountry "GER"]
[EventRounds "11"]
[EventType "swiss"]
[EventDate "2018.05.19"]

1. e4 e5 2. Nf3 Nc6 3. Bb5 a6 4. Bxc6 dxc6 5. Nc3 f6 6. d3 Bg4 7. h3 Bh5 8. g4
Bf7 9. Be3 Ne7 10. Qd2 Ng6 11. O-O-O Bb4 12. Kb1 Qd7 13. a3 Bxc3 14. Qxc3 Qe6
15. b3 O-O 16. g5 a5 17. a4 b5 18. Qa1 bxa4 19. Qxa4 Be8 20. Qa3 Qd6 21. Bc5
Qe6 22. Bxf8 Nxf8 23. h4 Qg4 24. Nd2 Qf4 25. gxf6 Qxf6 26. Rdf1 Qh6 27. Nc4 Ng6
28. Qc1 Qh5 29. Qg5 Qxg5 30. hxg5 a4 31. Kb2 Bf7 32. Nd2 a3+ 33. Ka2 Ne7 34.
Nb1 Nc8 35. Nxa3 Nb6 36. Kb2 Bh5 37. Rxh5 g6 38. Rh3 Rf8 39. Nc4 Nxc4+ 40. dxc4
Rf4 41. Rfh1 h5 42. gxh6 Kh7 43. f3 g5 44. Rh5 Rf6 45. Rxg5 Rxh6 46. Rxh6+ Kxh6
47. Rxe5 Kg6 48. Rf5 c5 49. f4 c6 50. c3 Kh6 51. e5 Kg7 52. e6 Kh7 53. e7 Kg7
54. e8=Q Kh6 55. Rf6+ Kh7 56. Qg6+ Kh8 57. Rf8# 1-0

[Event "DEM U10w 2018"]
[Site "Willingen GER"]
[Date "2018.05.26"]
[Round "11"]
[White "Hengst, Sarah"]
[Black "Muhina, Alina"]
[Result "0-1"]
[Termination "normal"]
[Board "15"]
[WhiteElo "878"]
[BlackElo "948"]
[PlyCount "54"]
[WhiteFideId "16286030"]
[BlackFideId "16298322"]
[EventCountry "GER"]
[EventRounds "11"]
[EventType "swiss"]
[EventDate "2018.05.19"]

1. e4 e5 2. Nf3 Nc6 3. Nc3 Nf6 4. d4 exd4 5. Nxd4 Nxe4 6. Nxe4 Qe7 7. f3 d5 8.
Nxc6 bxc6 9. Bd3 dxe4 10. Bxe4 Bb7 11. O-O Qe5 12. Qe2 Bd6 13. Rd1 Qxh2+ 14.
Kf1 O-O 15. Qf2 Ba6+ 16. Bd3 Bxd3+ 17. Rxd3 Qh1+ 18. Ke2 Rfe8+ 19. Kd2 Bf4+ 20.
Kc3 Bxc1 21. Rd4 Bd2+ 22. Kxd2 Qxa1 23. Qh4 Qxb2 24. Rg4 Rad8+ 25. Rd4 Rxd4+
26. Qxd4 Qxd4+ 27. Kc1 Re1# 0-1

[Event "DEM U10w 2018"]
[Site "Willingen GER"]
[Date "2018.05.26"]
[Round "11"]
[White "Tobias, Franziska Ylvi"]
[Black "Scheerer, Amelie"]
[Result "0-1"]
[Termination "normal"]
[Board "18"]
[WhiteElo "909"]
[BlackElo "957"]
[PlyCount "38"]
[WhiteFideId "16272404"]
[BlackFideId "16275772"]
[EventCountry "GER"]
[EventRounds "11"]
[EventType "swiss"]
[EventDate "2018.05.19"]

1. e4 e5 2. Nf3 Nc6 3. Bc4 Bc5 4. O-O Nf6 5. Nc3 O-O 6. d3 h6 7. Bd2 d6 8. Nd5
Bg4 9. Nxf6+ Qxf6 10. d4 Nxd4 11. Be2 Qg6 12. c3 Bh3 13. g3 Nxf3+ 14. Bxf3 Bxf1
15. Qxf1 Qf6 16. Qe2 Rad8 17. Qd3 b5 18. Bd1 Qxf2+ 19. Kh1 Qg1# 0-1